000 00649nam a2200205 a 4500
001 000048553
005 20201002061232.0
008 190329s2015 000 spa d
020 _a9789945471595
040 _aDO-SdBNP
_bspa
_cBNPHU
082 _axx
_bxx
100 1 _aLenk, Martin
_974366
245 1 0 _aBuscando a Dios :
_bpiezas para una teología filosófica.
260 _aSanto Domingo :
_bEdiciones MSC,
_c2015.
300 _a242 p. ;
_c25 cm.
490 1 _aPensamiento y vida
_v3
500 _aIncluye datos biográficos del autor en la solapa de la cubierta
590 _aInventariado, 2019/VM
830 0 _aPensamiento y vida
_n3
_976018
999 _c48041
_d48041